[Event "EM for hold 2025"]
[Site "Batumi"]
[Date "2025.10.09"]
[Round "5.3"]
[White "Pultinevicius, Paulius"]
[Black "Andersen, Mads"]
[Result "0-1"]
[WhiteElo "2532"]
[BlackElo "2556"]
[WhiteFideId "12809390"]
[BlackFideId "1413864"]
[EventDate "2025.10.05"]
[EventType "team-swiss"]
[EventRounds "9"]
[EventCountry "GEO"]
[SourceTitle "EM 2025 tournament site"]
[WhiteTeam "Lithuania"]
[BlackTeam "Denmark"]
[WhiteTeamCountry "LTU"]
[BlackTeamCountry "DEN"]

1. d4 d5 2. c4 e6 3. Nc3 Nf6 4. cxd5 Nxd5 5. e4 Nxc3 6. bxc3 c5 7. Rb1 cxd4 8. cxd4 Nc6 9. Bb5 a6 10. Bxc6+ bxc6 11. Nf3 c5 12. O-O cxd4 13. Nxd4 Bc5 14. Nb3 Be7 15. Qh5 O-O 16. Rd1 Qe8 17. Nd4 Bd7 18. Rb3 f6 19. Qe2 Rf7 20. Rb6 Qc8 21. Be3 Bc5 22. Rb2 e5 23. Nb3 Bb5 24. Qd2 Rd7 25. Nxc5 Rxd2 26. Rbxd2 h5 27. a4 Be8 28. Rd6 a5 29. h3 Kh7 30. Kh2 Qb8 31. R1d3 Qc7 32. g4 hxg4 33. hxg4 Qf7 34. Rb6 Rc8 35. Rd5 Bc6 36. Rd6 Be8 37. Ra6 Qc4 38. Rxa5 Qb4 39. Bd2 Qc4 40. Be3 Qb4 41. Bd2 Qb8 42. Rd3 Qb1 43. g5 Qf1 44. Rh3+ Kg8 45. Be3 Rd8 46. gxf6 Rd1 47. Kg3 Qg1+ 48. Kf3 Rd6 49. Ra8 Rxf6+ 50. Ke2 Qg4+ 51. Kd2 Qxh3 52. Rxe8+ Kh7 53. Rxe5 Rb6 54. Nd3 Rb1 55. Rb5 Ra1 56. Nc5 Ra2+ 57. Kd3 Rxf2 58. Ne6 Qf1+ 59. Kd4 Qa1+ 60. Kd5 Rf6 61. Nc5 Qa2+ 62. Rb3 Rb6 63. Kd4 0-1

[Event "EM for hold 2025"]
[Site "Batumi"]
[Date "2025.10.13"]
[Round "8.4"]
[White "Ochsner, Bjorn Moller"]
[Black "Stevic, Hrvoje"]
[Result "1-0"]
[WhiteElo "2461"]
[BlackElo "2522"]
[WhiteFideId "1416928"]
[BlackFideId "14502569"]
[EventDate "2025.10.05"]
[EventType "team-swiss"]
[EventRounds "9"]
[EventCountry "GEO"]
[SourceTitle "EM 2025 tournament site"]
[WhiteTeam "Denmark"]
[BlackTeam "Croatia"]
[WhiteTeamCountry "DEN"]
[BlackTeamCountry "CRO"]

1. e4 e5 2. Nf3 Nf6 3. d4 Nxe4 4. Bd3 d5 5. Nxe5 Bd6 6. Nd2 Bxe5 7. dxe5 Nc5 8. Nf3 Bg4 9. Be2 Nc6 10. O-O O-O 11. Be3 Na4 12. c4 Nb6 13. cxd5 Nxd5 14. Bg5 Qd7 15. h3 Be6 16. Qd2 h6 17. Bh4 Nde7 18. Qc2 Nf5 19. Rad1 Ncd4 20. Nxd4 Nxd4 21. Qe4 c5 22. Bg4 Rae8 23. Rfe1 f5 24. exf6 Bxg4 25. Qxg4 Qxg4 26. hxg4 g5 27. Rxe8 Rxe8 28. Bg3 Kf7 29. Kf1 Kxf6 30. Bd6 Ne6 31. Rd5 b6 32. Rf5+ Kg6 33. Re5 Kf6 34. Rf5+ Kg6 35. Be5 Nd4 36. Rf6+ Kh7 37. Rf7+ Kg8 38. Rg7+ Kf8 39. Bxd4 cxd4 40. Rxa7 d3 41. Rd7 Re2 42. b3 Rxa2 43. Rxd3 Rb2 44. g3 b5 45. Kg2 Ke7 46. Kf3 Ke6 47. Ke3 b4 48. f4 gxf4+ 49. gxf4 Kf6 50. Ke4 Re2+ 51. Re3 Rg2 52. Rh3 Kg6 53. f5+ Kg7 54. Kf4 Rb2 55. Rd3 Rb1 56. Ke5 Rb2 57. Rd7+ Kg8 58. Ke4 1-0